From Kinshasa /

Mbongwana Star hails from Kinshasa, the capital of the Democratic Republic of Congo.

Bibliographic Details
Corporate Author: Mbongwana Star (Musical group) (Composer, Performer)
Format: CD Audio
Language:Undetermined
Language Notes:Sung in multiple languages including Native African languages.
Published: [London] : World Circuit, [2015]
Subjects:

MARC

Tag First Indicator Second Indicator Subfields
LEADER 00000cjm a2200000Ii 4500
001 in00003604213
005 20160112113833.0
007 sd fungnn|||ed
008 150511s2015 enkppnn n und d
035 |a (OCoLC)ocn908696694 
040 |a TEFMT  |b eng  |e rda  |c TEFMT  |d TEF  |d HCO  |d OCLCF  |d TOH 
019 |a 918922543  |a 922694001 
024 1 |a 075597950557 
028 0 2 |a WCD091  |b World Circuit 
028 0 2 |a 549333  |b World Circuit 
035 |a (OCoLC)908696694  |z (OCoLC)918922543  |z (OCoLC)922694001 
037 |b Midwest Tape  |n http://www.midwesttapes.com 
043 |a f-cg--- 
050 4 |a M1838.C6718  |b F76 2015 
082 0 4 |a 782.4216/30986724  |2 23 
049 |a TXAM 
090 |a M1838.C6718  |b M36 2015 
110 2 |a Mbongwana Star (Musical group),  |e composer,  |e performer. 
245 1 0 |a From Kinshasa /  |c Mbongwana Star. 
264 1 |a [London] :  |b World Circuit,  |c [2015] 
264 4 |c ©2015,  |c ℗2015 
300 |a 1 audio disc :  |b CD audio, digital ;  |c 4 3/4 in. 
336 |a performed music  |b prm  |2 rdacontent 
337 |a audio  |b s  |2 rdamedia 
338 |a audio disc  |b sd  |2 rdacarrier 
344 |a digital  |2 rda 
347 |a audio file  |b CD audio  |2 rda 
546 |a Sung in multiple languages including Native African languages. 
511 0 |a Mbongwana Star (Coco Yakala Ngambali, vocals ; Cubain Kabeya Tshipangila, drums ; Jean Claude Kamina Mulodi (aka R9), guitar, vocals ; Liam Farrell (aka Doctor L), bass guitar, percussion, special effects ; Randy Makana Kalambayi, percussion, drums, vocals ; Rodrick Matuzolele Dialungana (aka Sage), vocals ; Théo Nzonza Nsutuvuidi, vocals). 
508 |a Produced, recorded, mixed and arranged by Doctor L for Mukalo Production. 
518 |a Recorded in Kinshasa, Democratic Republic of Congo at Espace Bomoko & Hotel Finesse. 
505 0 0 |t From Kinshasa to the moon --  |t Shégué --  |t Nganshé --  |t Masobélé --  |t Coco blues --  |t Malukayi  |r (featuring Konono N°1) --  |t Suzanna --  |t Kimpala pala --  |t Kala --  |t 1 million c'est quoi? 
520 |a Mbongwana Star hails from Kinshasa, the capital of the Democratic Republic of Congo. 
650 0 |a Popular music  |z Congo (Democratic Republic)  |y 2011-2020. 
650 0 |a Afrobeat. 
650 0 |a World music. 
650 7 |a Afrobeat.  |2 fast  |0 (OCoLC)fst00800051 
650 7 |a Popular music.  |2 fast  |0 (OCoLC)fst01071422 
650 7 |a World music.  |2 fast  |0 (OCoLC)fst01181375 
651 7 |a Congo (Democratic Republic)  |2 fast  |0 (OCoLC)fst01208723 
648 7 |a 2011 - 2020  |2 fast 
948 |a cataloged  |b h  |c 2016/1/12  |d c  |e ceaton  |f 11:37:09 am 
994 |a C0  |b TXA 
999 f f |s b3d2bcb2-1fa2-37be-9d2f-1b9d0e4c0594  |i b97d7669-5963-3ed2-b06d-4a9b155ba746  |t 0 
952 f f |p ric  |a Texas A&M University  |b Rellis Campus  |c Joint Library Facility  |d Remote Storage  |t 0  |e M1838.C6718 M36 2015  |h Library of Congress classification  |i audio -- audio disc  |m A14843287831 
998 f f |a M1838.C6718 M36 2015  |t 0  |l Remote Storage